| 000 | 01137nam0a22003251 4500 | ||
|---|---|---|---|
| 001 | rc\3915135 | ||
| 005 | 20250611021557.0 | ||
| 021 |
_aRU _b[50-40725] |
||
| 035 | _a(NLR Aleph) 008022057 | ||
| 090 |
_a8767180 _c8767180 |
||
| 100 | _a20130415d1950 |||y0rusy50 ca | ||
| 101 | 0 | _arus | |
| 102 | _aRU | ||
| 105 | _aab z ||||| | ||
| 200 | 1 | _aМоря и океаны | |
| 205 | _a3-е изд., доп. | ||
| 210 |
_aМосква _aЛенинград _cГос. изд-во техн.-теорет. лит. _d1950 _gТип. "Кр. пролетарий" в М. |
||
| 215 |
_a48 с. _cил., карт. _d20 |
||
| 225 | 1 |
_aНаучно-популярная библиотека _vВып. 13 |
|
| 300 | _aПеред загл. авт.: проф. В.Г. Богоров | ||
| 320 | _aБиблиогр.: с. 48 (5 назв.) | ||
| 606 |
_aОкеаны _2psbo |
||
| 606 |
_aМоря _2psbo |
||
| 606 |
_aМоря СССР _2psbo |
||
| 700 | 1 |
_aБогоров _bВ.Г. _f1904-1971 _gВениамин Григорьевич |
|
| 801 | 0 |
_aRU _bNLR _gpsbo |
|
| 801 | 1 |
_aRU _bELAR _2rusmarc |
|
| 852 |
_aNLR _jГн10 Г-4/206 |
||
| 942 | _cBOOK | ||
| 980 | _aNB | ||